000 00480nam a2200169Ia 4500
005 20250423101104.0
008 250422s9999 xx 000 0 und d
020 _a0- 8077- 2891- 8
050 _aLB2838.M385
100 _aMilbrey Wallin McLaughlin
245 0 _aTeacher evaluation: improvement, accountability, and effective learning
260 _bTeachers College Press
260 _c1988
300 _a166 p
650 _aTeachers- united states- rating of
942 _cBK
999 _c35252
_d35252